[Event "Pan American-ch School U15 Girls 12th"]
[Site "Callao"]
[Date "2023.10.17"]
[Round "3"]
[White "Gareca Ordonez, Laura"]
[Black "Gaspar Guevara, Darling Yasmin"]
[Result "1/2-1/2"]
[WhiteElo "1480"]
[BlackElo "1443"]
[PlyCount "43"]
[EventDate "2023.10.16"]
[EventType "swiss"]
[EventRounds "9"]
[EventCountry "PER"]
[SourceTitle "Mega2024 Update 01"]
[Source "Chessbase"]
[SourceDate "2023.11.12"]
[SourceVersion "1"]
[SourceVersionDate "2023.11.12"]
[SourceQuality "1"]

1. d4 Nf6 2. Nf3 d5 3. e3 Bg4 4. h3 Bh5 5. g4 Bg6 6. Ne5 Nbd7 7. h4 h6 8. Nxg6 fxg6 9. Bd3 Kf7 10. c4 e5 11. cxd5 Bb4+ 12. Bd2 Bxd2+ 13. Nxd2 Nb6 14. dxe5 Qxd5 15. Be4 Nxe4 16. Qf3+ Nf6 17. exf6 gxf6 18. Rc1 c6 19. Ne4 Qe6 20. Rd1 Rad8 21. 0-0 Rhe8 22. g5 1/2-1/2

[Event "BOL-ch U16 Girls"]
[Site "Cochabamba"]
[Date "2023.01.14"]
[Round "4"]
[White "Gareca Ordonez, Laura"]
[Black "Soliz Flores, Luz Neyda"]
[Result "1/2-1/2"]
[WhiteElo "1374"]
[BlackElo "1316"]
[PlyCount "99"]
[EventDate "2023.01.13"]
[EventType "swiss"]
[EventRounds "7"]
[EventCountry "BOL"]
[SourceTitle "EXT 2024"]
[Source "ChessBase"]
[SourceDate "2023.10.10"]
[SourceVersion "1"]
[SourceVersionDate "2023.10.10"]
[SourceQuality "1"]

1. d4 Nf6 2. Bf4 c5 3. c3 b6 4. e3 Bb7 5. Nf3 g6 6. Be2 d6 7. 0-0 Nh5 8. Bg3 Bg7 9. Nbd2 Nxg3 10. hxg3 e6 11. Qb3 0-0 12. dxc5 dxc5 13. Rad1 Qc7 14. Nc4 Bd5 15. Qc2 b5 16. Na3 a6 17. c4 bxc4 18. Nxc4 Nc6 19. b3 f5 20. a3 Rfb8 21. Ncd2 Qb6 22. Rb1 Na5 23. b4 cxb4 24. Rxb4 Qd6 25. Rfb1 Rxb4 26. axb4 Nc6 27. Qc5 Qxc5 28. bxc5 a5 29. Nc4 a4 30. Na3 Bf8 31. Rc1 Na5 32. Nd4 Nb3 33. Nxb3 axb3 34. Nb1 Ra1 35. Bd3 Be4 36. Bxe4 fxe4 37. c6 Bd6 38. Rd1 Bc7 39. Kf1 Kf8 40. Ke2 Ba5 41. f3 Ra2+ 42. Kf1 exf3 43. gxf3 Rc2 44. Na3 Rxc6 45. Rb1 Rc3 46. Ke2 b2 47. Nb5 Rb3 48. Nd4 Rb6 49. Kd3 e5 50. Ne2 1/2-1/2

[Event "South America-ch U14 Girls 17th"]
[Site "Guayaquil"]
[Date "2022.01.26"]
[Round "2"]
[White "Escobar Villota, Domenika Gabriela"]
[Black "Gareca Ordonez, Laura"]
[Result "1-0"]
[WhiteElo "1415"]
[BlackElo "1197"]
[PlyCount "55"]
[EventDate "2022.01.25"]
[EventType "swiss"]
[EventRounds "9"]
[EventCountry "ECU"]
[SourceTitle "CBM 206 Extra"]
[Source "ChessBase"]
[SourceDate "2022.03.31"]
[SourceVersion "1"]
[SourceVersionDate "2022.03.31"]
[SourceQuality "1"]

1. e4 e6 2. d4 d5 3. e5 c5 4. c3 Nc6 5. Nf3 Qb6 6. Be2 Nge7 7. Na3 cxd4 8. cxd4 Nf5 9. Nc2 Be7 10. h4 Nb4 11. Nxb4 Bxb4+ 12. Kf1 Bd7 13. g4 Nh6 14. Bxh6 gxh6 15. a3 Bf8 16. Qd2 Rc8 17. Rc1 Rxc1+ 18. Qxc1 Bg7 19. g5 hxg5 20. Qxg5 Rg8 21. b4 Bb5 22. Qe3 Qa6 23. Rg1 Bxe2+ 24. Qxe2 Qxa3 25. Qb5+ Kf8 26. Qc5+ Ke8 27. Qc8+ Ke7 28. Qxg8 1-0